[Event "European Youth Chess Championship B16"]
[Site "Prague, Top Hotel Prague"]
[Date "2012.08.17"]
[Round "1.1"]
[White "Boruchovsky, Avital"]
[Black "Starcevs, Dmitrijs"]
[Result "1-0"]
[WhiteElo "2415"]
[BlackElo "2052"]
[PlyCount "69"]
[EventDate "2012.08.17"]

1. e4 c5 2. d4 cxd4 3. c3 dxc3 4. Nxc3 d6 5. Nf3 Nc6 6. Bc4 g6 7. Bg5 Bg7 8.
Qb3 Nh6 9. Bxh6 Bxh6 10. Bxf7+ Kf8 11. Be6 Kg7 12. Bxc8 Qxc8 13. Nd5 Rf8 14.
Qc3+ e5 15. h3 Rf7 16. O-O Qe6 17. Rad1 Rc8 18. Qa3 b5 19. Rd3 a5 20. Nb6 Rd8
21. Rfd1 Nb4 22. Rb3 d5 23. Nxd5 Nxd5 24. Qxa5 Rfd7 25. Rxd5 Rxd5 26. exd5 Rxd5
27. Rxb5 Rd1+ 28. Kh2 Bf4+ 29. g3 Qc6 30. Rb3 Qc1 31. gxf4 Rh1+ 32. Kg3 exf4+
33. Kh4 Qc8 34. Qc3+ Qxc3 35. Rxc3 1-0

[Event "European Youth Chess Championship B16"]
[Site "Prague, Top Hotel Prague"]
[Date "2012.08.17"]
[Round "1.4"]
[White "Popov, Kirill"]
[Black "Giroyan, Gary"]
[Result "1/2-1/2"]
[WhiteElo "2037"]
[BlackElo "2394"]
[PlyCount "73"]
[EventDate "2012.08.17"]

1. e4 c5 2. Nf3 d6 3. d4 cxd4 4. Nxd4 Nf6 5. Nc3 a6 6. Be3 b5 7. a4 b4 8. Nd5
e6 9. Nxf6+ Qxf6 10. Be2 Bb7 11. Bf3 Qe5 12. Qd3 Nd7 13. Nb3 Rc8 14. Bd4 Qg5
15. h4 Qd8 16. O-O Qc7 17. Rfc1 Ne5 18. Bxe5 dxe5 19. c3 Qd7 20. Qxd7+ Kxd7 21.
Na5 Ba8 22. cxb4 Bxb4 23. Nc4 Rc5 24. Nb6+ Ke7 25. Nxa8 Rxa8 26. Rxc5 Bxc5 27.
Rc1 Kd6 28. Be2 a5 29. Rd1+ Bd4 30. b3 Rb8 31. Bb5 f5 32. exf5 exf5 33. Rc1 Bc5
34. Rd1+ Bd4 35. Rc1 Bc5 36. Rd1+ Bd4 37. Rc1 1/2-1/2

[Event "European Youth Chess Championship B16"]
[Site "Prague, Top Hotel Prague"]
[Date "2012.08.17"]
[Round "1.5"]
[White "Bortnik, Alexandr"]
[Black "Ulanowski, Karol"]
[Result "1-0"]
[WhiteElo "2365"]
[BlackElo "2035"]
[PlyCount "49"]
[EventDate "2012.08.17"]

1. e4 e5 2. f4 exf4 3. Nf3 d6 4. d4 g5 5. h4 g4 6. Ng1 Qf6 7. Nc3 Ne7 8. Nge2
f3 9. Nf4 Be6 10. g3 Bg7 11. Be3 h5 12. Bd3 c6 13. e5 dxe5 14. Ne4 Qh6 15. Nd5
Nxd5 16. Bxh6 Bxh6 17. Ng5 Ne3 18. Qd2 exd4 19. Qb4 Nd7 20. Qxb7 Rb8 21. Qxc6
Bd5 22. Qa4 Bg7 23. Kf2 Rh6 24. Rhe1 Bc6 25. Qc4 1-0

[Event "European Youth Chess Championship B16"]
[Site "Prague, Top Hotel Prague"]
[Date "2012.08.17"]
[Round "1.6"]
[White "Brenner, Stav"]
[Black "Drozdowski, Kacper"]
[Result "0-1"]
[WhiteElo "2034"]
[BlackElo "2350"]
[PlyCount "52"]
[EventDate "2012.08.17"]

1. e4 c5 2. a3 g6 3. h4 d5 4. exd5 Nf6 5. Nc3 Bg7 6. Bb5+ Nbd7 7. Nh3 O-O 8.
Nf4 Nb6 9. h5 a6 10. Be2 Nbxd5 11. Ncxd5 Nxd5 12. d3 Nxf4 13. Bxf4 Bxb2 14. Bh6
Qa5+ 15. Kf1 Rd8 16. Bg5 c4 17. Bxe7 Re8 18. Bb4 Qe5 19. Rb1 Bd4 20. c3 Bxc3
21. Bxc3 Qxc3 22. Rc1 Qxa3 23. Rxc4 Bf5 24. hxg6 Bxg6 25. Ra4 Qb2 26. Rhh4 Rxe2
{Ke1} 0-1

[Event "European Youth Chess Championship B16"]
[Site "Prague, Top Hotel Prague"]
[Date "2012.08.17"]
[Round "1.7"]
[White "Georgiadis, Nico"]
[Black "Eggink, Ryszard"]
[Result "1-0"]
[WhiteElo "2345"]
[BlackElo "2031"]
[PlyCount "65"]
[EventDate "2012.08.17"]

1. e4 c5 2. Nf3 d6 3. d4 cxd4 4. Nxd4 Nf6 5. Nc3 a6 6. Bc4 e6 7. a4 Qc7 8. Qe2
Be7 9. O-O O-O 10. Be3 Nxe4 11. Nxe4 d5 12. Bxd5 exd5 13. Nc3 Rd8 14. Bf4 Qxf4
15. Qxe7 Qd6 16. Qxd6 Rxd6 17. Rfe1 Be6 18. Nf5 Rd8 19. Ne7+ Kf8 20. Nexd5 Rxd5
21. Nxd5 Bxd5 22. Rad1 Be6 23. Rd8+ Ke7 24. Red1 b5 25. a5 g6 26. f3 h5 27. h4
Bf5 28. c3 Be6 29. Kf2 Bf5 30. Kg3 Be6 31. Kf4 f5 32. Rh8 Bd7 33. Kg5 1-0

[Event "European Youth Chess Championship B16"]
[Site "Prague, Top Hotel Prague"]
[Date "2012.08.17"]
[Round "1.10"]
[White "Skalicky, Tomas"]
[Black "Boscolo, Federico"]
[Result "1/2-1/2"]
[WhiteElo "2022"]
[BlackElo "2328"]
[PlyCount "101"]
[EventDate "2012.08.17"]

1. c4 Nf6 2. Nc3 g6 3. g3 Bg7 4. Bg2 O-O 5. d3 c6 6. Nf3 d5 7. cxd5 cxd5 8. O-O
d4 9. Ne4 Nxe4 10. dxe4 Nc6 11. Ne1 e5 12. Nd3 b6 13. b4 Be6 14. a4 a6 15. Bd2
Qe7 16. b5 axb5 17. axb5 Na5 18. Bb4 Qd7 19. Bxf8 Rxf8 20. Qa4 Nb3 21. Ra3 Na5
22. Raa1 Nb3 23. Ra3 Na5 24. Raa1 Qd6 25. Qb4 Qxb4 26. Nxb4 Bd7 27. Nd5 Bxb5
28. Rfe1 Bh6 29. Bf1 Nb3 30. Rab1 Bc4 31. Nxb6 Be6 32. Nd7 Rd8 33. Nxe5 Nd2 34.
Rb4 Nxe4 35. Rd1 Bd2 36. Rb6 Bc3 37. Nd3 Kg7 38. Bg2 Nd2 39. h4 Bg4 40. f3 Be6
41. Nf4 Bc4 42. Rc6 Bb5 43. Rc7 Re8 44. Kf2 h6 45. Rc1 g5 46. hxg5 hxg5 47. Nd3
Ba5 48. Ra7 Bc3 49. Rc7 Ba5 50. Ra7 Bc3 51. Rc7 1/2-1/2

[Event "European Youth Chess Championship B16"]
[Site "Prague, Top Hotel Prague"]
[Date "2012.08.17"]
[Round "1.11"]
[White "Tsydypov, Zhamsaran"]
[Black "Markoja, Sebastijan"]
[Result "1-0"]
[WhiteElo "2328"]
[BlackElo "2018"]
[PlyCount "55"]
[EventDate "2012.08.17"]

1. e4 e5 2. Nf3 Nc6 3. Bc4 Nf6 4. d3 Be7 5. O-O O-O 6. Re1 d6 7. a4 Na5 8. Ba2
c5 9. Nc3 Be6 10. h3 h6 11. Nd5 Nxd5 12. exd5 Bd7 13. Bd2 b6 14. c3 Bf6 15. d4
e4 16. Rxe4 c4 17. Bf4 Bf5 18. Re3 Qd7 19. Nd2 Rac8 20. g4 Bg6 21. Bb1 Bh4 22.
Nf3 Nb3 23. Nxh4 Nxa1 24. Bxg6 fxg6 25. Nxg6 Rf6 26. Ne7+ Kh8 27. Qxa1 Re8 28.
Qe1 1-0

[Event "European Youth Chess Championship B16"]
[Site "Prague, Top Hotel Prague"]
[Date "2012.08.17"]
[Round "1.12"]
[White "Eggink, Mateusz"]
[Black "Dastan, Muhammed Batuhan"]
[Result "0-1"]
[WhiteElo "2013"]
[BlackElo "2317"]
[PlyCount "114"]
[EventDate "2012.08.17"]

1. e4 c5 2. Nf3 d6 3. d4 Nf6 4. Nc3 cxd4 5. Nxd4 a6 6. Be2 g6 7. O-O Bg7 8. Be3
O-O 9. f4 Nc6 10. Bf3 Na5 11. Qe2 Qc7 12. Rad1 Nc4 13. Bc1 e5 14. fxe5 dxe5 15.
Nb3 b6 16. Kh1 Be6 17. g3 b5 18. Nd5 Bxd5 19. exd5 Rad8 20. c3 h6 21. Bg2 Kh7
22. Be3 Nd7 23. Qf2 f5 24. d6 Qb8 25. Bc5 a5 26. Ba7 Qc8 27. Nc5 Nxc5 28. Qxc5
Qxc5 29. Bxc5 Nxb2 30. Rb1 Na4 31. Rxb5 Nxc5 32. Rxc5 Rxd6 33. Bd5 e4 34. c4 h5
35. Rxa5 Rb8 36. Rd1 Rdd8 37. Rd2 Kh6 38. Re2 Bd4 39. Ra6 Rd7 40. h4 Rb1+ 41.
Kh2 Re7 42. Ra3 Rd1 43. Kg2 Rd7 44. Ra6 Kg7 45. Ra8 Rd3 46. Rg8+ Kh7 47. Re8
Ra7 48. Kh2 Raa3 49. Re7+ Kh6 50. Rg2 Bf6 51. Re6 Bc3 52. Re2 Ba5 53. Rf2 Bc7
54. Rxf5 Rxa2+ 55. Kg1 Bxg3 56. Rf1 Bh2+ 57. Kh1 Rh3 0-1

[Event "European Youth Chess Championship B16"]
[Site "Prague, Top Hotel Prague"]
[Date "2012.08.17"]
[Round "1.14"]
[White "Medar, Marti"]
[Black "Lugovskoy, Maxim"]
[Result "0-1"]
[WhiteElo "2000"]
[BlackElo "2312"]
[PlyCount "61"]
[EventDate "2012.08.17"]

1. d4 d5 2. c4 e6 3. Nc3 Be7 4. Nf3 Nf6 5. Bg5 O-O 6. e3 h6 7. Bh4 Ne4 8. Bxe7
Qxe7 9. cxd5 Nxc3 10. bxc3 exd5 11. Bd3 Bg4 12. O-O Nd7 13. Rc1 c5 14. h3 Bh5
15. g4 Bg6 16. Bxg6 fxg6 17. dxc5 Qf7 18. Nh4 Nxc5 19. Qd4 Ne6 20. Qxd5 Rad8
21. Qb3 Kh7 22. f4 Qf6 23. Ng2 Rd2 24. f5 gxf5 25. Rxf5 Qe7 26. Qb1 Kg8 27. Qb3
Kh8 28. Rd1 Rxf5 29. gxf5 Nc5 30. Qb1 Qe4 31. Qxe4 0-1

[Event "European Youth Chess Championship B16"]
[Site "Prague, Top Hotel Prague"]
[Date "2012.08.17"]
[Round "1.15"]
[White "Suarez Garcia, Carlos"]
[Black "De Vleeschauwer, Maarten"]
[Result "0-1"]
[WhiteElo "2311"]
[BlackElo "1996"]
[PlyCount "110"]
[EventDate "2012.08.17"]

1. d4 c5 2. d5 g6 3. e4 d6 4. Nc3 Bg7 5. Nf3 Bg4 6. a4 Nf6 7. Be2 Bxf3 8. Bxf3
Na6 9. O-O O-O 10. Bf4 Nd7 11. Qd2 Re8 12. Be2 Nc7 13. Ra3 b6 14. Bh6 Bd4 15.
Nd1 Rb8 16. Rh3 a6 17. Qf4 Bf6 18. Qg3 e6 19. dxe6 Rxe6 20. Bg4 Rxe4 21. Qf3
Re7 22. Nc3 Be5 23. Qd1 Bxc3 24. bxc3 d5 25. Bf4 Nf6 26. Bg5 Re5 27. f4 Re4 28.
Bf3 Rxa4 29. Qe1 Ne6 30. Qe5 Nxg5 31. fxg5 Ne4 32. Rd1 Nxg5 33. Rg3 Nxf3+ 34.
Rxf3 Re4 35. Qg3 Rb7 36. Rfd3 Rd7 37. Qf3 Re5 38. c4 d4 39. c3 Rf5 40. Qc6 Rf6
41. Qe4 Rfd6 42. Qf4 Qe7 43. h3 f6 44. cxd4 Rxd4 45. Rxd4 Rxd4 46. Rxd4 cxd4
47. Qb8+ Kg7 48. Qxb6 d3 49. Qf2 Qe2 50. Qa7+ Kh6 51. Qf7 Qe1+ 52. Kh2 Qe5+ 53.
Kh1 d2 54. Qf8+ Kh5 55. g4+ Kg5 0-1

[Event "European Youth Chess Championship B16"]
[Site "Prague, Top Hotel Prague"]
[Date "2012.08.17"]
[Round "1.16"]
[White "Slampa, Jan"]
[Black "Grib, Roman"]
[Result "0-1"]
[WhiteElo "1996"]
[BlackElo "2309"]
[PlyCount "76"]
[EventDate "2012.08.17"]

1. e4 c5 2. Nc3 Nc6 3. g3 g6 4. Bg2 Bg7 5. Nge2 d6 6. d3 e6 7. O-O Nge7 8. Bg5
h6 9. Be3 Nd4 10. Rb1 Nec6 11. a3 O-O 12. Nc1 b6 13. N3e2 Ba6 14. f4 Rc8 15.
Nxd4 cxd4 16. Bf2 b5 17. Na2 Rc7 18. Qd2 Qe7 19. Rfc1 Rfc8 20. Bf3 Nb8 21. c3
Nc6 22. Bd1 dxc3 23. bxc3 d5 24. exd5 exd5 25. a4 bxa4 26. Bxa4 Bb7 27. d4 Na5
28. Bb5 Nc4 29. Bxc4 dxc4 30. Re1 Qd7 31. d5 Qxd5 32. Qxd5 Bxd5 33. Rbd1 Bc6
34. Bd4 Ba4 35. Rd2 Rd7 36. Be3 Rxd2 37. Bxd2 Rd8 38. Re2 a5 0-1

[Event "European Youth Chess Championship B16"]
[Site "Prague, Top Hotel Prague"]
[Date "2012.08.17"]
[Round "1.18"]
[White "Binder, Moriz"]
[Black "Zakhartsov, Vladimir"]
[Result "0-1"]
[WhiteElo "1986"]
[BlackElo "2306"]
[PlyCount "60"]
[EventDate "2012.08.17"]

1. d4 Nf6 2. Nf3 g6 3. Nbd2 Bg7 4. e4 d5 5. Bd3 dxe4 6. Nxe4 Nbd7 7. c3 O-O 8.
O-O Nxe4 9. Bxe4 c5 10. Be3 Qc7 11. Qa4 cxd4 12. Nxd4 Nf6 13. Bf3 Bd7 14. Qb4
Rfe8 15. Nb5 Qb8 16. Bc5 a5 17. Qb3 Qe5 18. Qc4 Rac8 19. b4 axb4 20. cxb4 b6
21. Rfe1 Qb8 22. Rab1 Bxb5 23. Qxb5 bxc5 24. bxc5 Qa7 25. c6 Qxa2 26. Qc5 e5
27. Rb7 e4 28. Bd1 Qd2 29. Rf1 e3 30. fxe3 Ne4 0-1

[Event "European Youth Chess Championship B16"]
[Site "Prague, Top Hotel Prague"]
[Date "2012.08.17"]
[Round "1.20"]
[White "Magee, Ronan"]
[Black "Menezes, Christoph"]
[Result "0-1"]
[WhiteElo "1981"]
[BlackElo "2279"]
[PlyCount "86"]
[EventDate "2012.08.17"]

1. e4 c5 2. Nf3 d6 3. d4 cxd4 4. Nxd4 Nf6 5. Nc3 a6 6. Be3 e5 7. Nb3 Be6 8. f3
Nbd7 9. Qd2 Be7 10. O-O-O h5 11. Be2 Rc8 12. Nd5 Bxd5 13. exd5 Qc7 14. c3 b5
15. Kb1 Nb6 16. Bxb6 Qxb6 17. Qd3 g6 18. Nd2 h4 19. Ne4 Nh5 20. g3 f5 21. Nd2
Kf7 22. f4 e4 23. Nxe4 fxe4 24. Qxe4 Ng7 25. Bd3 Rh6 26. gxh4 Re8 27. Rhg1 Bf6
28. Qg2 Nf5 29. h5 Ne3 30. Bxg6+ Kf8 31. Qf2 Re7 32. Rd3 Nc4 33. Qg3 b4 34. Bf7
Rxf7 35. Qg8+ Ke7 36. Re1+ Ne5 37. Qc8 Bh4 38. Re2 Rxf4 39. Qg8 Rhf6 40. h6
Rf1+ 41. Kc2 R1f2 42. Rdd2 bxc3 43. bxc3 Rf1 0-1

[Event "European Youth Chess Championship B16"]
[Site "Prague, Top Hotel Prague"]
[Date "2012.08.17"]
[Round "1.22"]
[White "Lekic, Lazar"]
[Black "Kobo, Ori"]
[Result "0-1"]
[WhiteElo "1972"]
[BlackElo "2249"]
[PlyCount "52"]
[EventDate "2012.08.17"]

1. e4 e6 2. d4 d5 3. Nc3 Bb4 4. e5 Qd7 5. a3 Bxc3+ 6. bxc3 b6 7. Qg4 f5 8. Qg3
Ba6 9. Bxa6 Nxa6 10. Ne2 Kf7 11. O-O Qa4 12. Nf4 Ne7 13. Nh5 Rag8 14. Bg5 Ng6
15. Qd3 h6 16. Bd2 Nb8 17. Rab1 Nc6 18. g4 Ncxe5 19. Qg3 Nxg4 20. Qxc7+ Ne7 21.
Rfe1 Rc8 22. Qd6 Rc6 23. Qg3 Qxc2 24. h3 Qxd2 25. hxg4 Qg5 26. f3 Ng6 0-1

[Event "European Youth Chess Championship B16"]
[Site "Prague, Top Hotel Prague"]
[Date "2012.08.17"]
[Round "1.23"]
[White "Kessler, Luca"]
[Black "Kerdik, Adam"]
[Result "0-1"]
[WhiteElo "2242"]
[BlackElo "1966"]
[PlyCount "64"]
[EventDate "2012.08.17"]

1. d4 Nf6 2. c4 e6 3. g3 d5 4. Nf3 c6 5. Bg2 Bd6 6. O-O O-O 7. Nfd2 e5 8. cxd5
cxd5 9. dxe5 Bxe5 10. Nf3 Bc7 11. Nc3 Be6 12. Bg5 Nbd7 13. Rc1 h6 14. Be3 Ne5
15. Nxe5 Bxe5 16. Bd4 Bxd4 17. Qxd4 Qa5 18. Rfd1 Rfd8 19. Bf3 Rac8 20. b3 Rd7
21. Na4 Rdc7 22. Ra1 b5 23. Nb2 Rc2 24. Kg2 Qa3 25. Rd2 Ne4 26. Rxc2 Rxc2 27.
Nd3 Rxa2 28. Rxa2 Qxa2 29. b4 Ng5 30. Qc3 Bh3+ 31. Kg1 Nxf3+ 32. exf3 Qe2 0-1

[Event "European Youth Chess Championship B16"]
[Site "Prague, Top Hotel Prague"]
[Date "2012.08.17"]
[Round "1.26"]
[White "Ramsdal, Jens Albert"]
[Black "Korchmar, Vasiliy"]
[Result "0-1"]
[WhiteElo "1943"]
[BlackElo "2234"]
[PlyCount "70"]
[EventDate "2012.08.17"]

1. e4 c5 2. Nf3 e6 3. d4 cxd4 4. Nxd4 Nc6 5. Nxc6 bxc6 6. Be2 Nf6 7. Nd2 d5 8.
e5 Nd7 9. Nf3 Qc7 10. Bf4 Rb8 11. O-O Rxb2 12. c4 Ba6 13. Qa4 Nc5 14. Qd1 Rxe2
15. Qxe2 Bxc4 16. Qc2 Bxf1 17. Rxf1 Be7 18. Rc1 O-O 19. Be3 Ne4 20. Qxc6 Qa5
21. Qc7 Qa3 22. Nd4 Bd8 23. Qd7 Bb6 24. Nb5 Qb2 25. Rc8 Qa1+ 26. Bc1 Bxf2+ 27.
Kh1 Bc5 28. Rxf8+ Bxf8 29. Qc7 Nc5 30. h3 Qxc1+ 31. Kh2 Qf4+ 32. Kg1 Nd3 33.
Nxa7 Qf2+ 34. Kh2 Ne1 35. Nc6 Qxg2# 0-1

[Event "European Youth Chess Championship B16"]
[Site "Prague, Top Hotel Prague"]
[Date "2012.08.17"]
[Round "1.27"]
[White "Yanchenko, Roman"]
[Black "Dereshki, Dario"]
[Result "1-0"]
[WhiteElo "2230"]
[BlackElo "1938"]
[PlyCount "47"]
[EventDate "2012.08.17"]

1. d4 d5 2. c4 c6 3. Nc3 Nf6 4. cxd5 cxd5 5. Nf3 Nc6 6. Bf4 Bf5 7. a3 e6 8. Qb3
b6 9. Qa4 b5 10. Nxb5 Qa5+ 11. Qxa5 Nxa5 12. Nc7+ Kd7 13. Nxa8 Bd6 14. Bxd6
Kxd6 15. Rc1 Rxa8 16. Ne5 Ne8 17. Nxf7+ Ke7 18. Ne5 Nb3 19. Rc3 Nxd4 20. e3
Nc2+ 21. Kd2 Nd6 22. Bd3 Bxd3 23. Kxd3 Kf6 24. Nf3 1-0

[Event "European Youth Chess Championship B16"]
[Site "Prague, Top Hotel Prague"]
[Date "2012.08.17"]
[Round "1.28"]
[White "Hros, Roman"]
[Black "Stathopoulos, Ioannis"]
[Result "0-1"]
[WhiteElo "1935"]
[BlackElo "2216"]
[PlyCount "76"]
[EventDate "2012.08.17"]

1. Nf3 c5 2. b3 d6 3. g3 e5 4. d3 g6 5. c4 Bg7 6. e4 Ne7 7. Nc3 O-O 8. h4 Bg4
9. Be2 Nbc6 10. Bg5 h6 11. Bxe7 Nxe7 12. Nh2 Bxe2 13. Qxe2 Nc6 14. h5 Nd4 15.
Qd2 a6 16. Ne2 Qd7 17. Nxd4 exd4 18. f3 b5 19. Ng4 g5 20. O-O Rae8 21. Kg2 f5
22. Nh2 g4 23. exf5 gxf3+ 24. Rxf3 Rxf5 25. Rxf5 Qxf5 26. g4 Qe5 27. Rf1 bxc4
28. bxc4 d5 29. cxd5 Qxd5+ 30. Nf3 Re3 31. Qc2 Kh7 32. a3 Qe6 33. Kg3 Be5+ 34.
Kh3 Qf6 35. Kg2 Qf4 36. Nxe5 Rg3+ 37. Kh2 Rf3+ 38. Kg2 Qg3+ 0-1

[Event "European Youth Chess Championship B16"]
[Site "Prague, Top Hotel Prague"]
[Date "2012.08.17"]
[Round "1.29"]
[White "Bida, Mihai-Eugen"]
[Black "Urbanc, Peter"]
[Result "1-0"]
[WhiteElo "2213"]
[BlackElo "1931"]
[PlyCount "65"]
[EventDate "2012.08.17"]

1. e4 c6 2. d4 d5 3. e5 Bf5 4. Nf3 e6 5. Be2 Nd7 6. O-O h6 7. Nbd2 Ne7 8. Nb3
Ng6 9. Ne1 h5 10. Be3 a6 11. Nd3 c5 12. Nbxc5 Nxc5 13. Nxc5 Bxc5 14. dxc5 Nxe5
15. Bf4 Qf6 16. Re1 Ng4 17. Qd2 O-O 18. h3 Ne5 19. c3 Nd7 20. b4 Qg6 21. Kh1 e5
22. Bh2 Rfe8 23. Bf1 Nf6 24. Rxe5 Ne4 25. Qd4 Rxe5 26. Bxe5 Re8 27. Bh2 Be6 28.
Rd1 Qf5 29. f3 Ng5 30. Bd3 Nxf3 31. Qf2 Qf6 32. Qxf3 Qxc3 33. Bh7+ 1-0

[Event "European Youth Chess Championship B16"]
[Site "Prague, Top Hotel Prague"]
[Date "2012.08.17"]
[Round "1.31"]
[White "Ivekovic, Bozidar"]
[Black "Ragnarsson, Dagur"]
[Result "1-0"]
[WhiteElo "2200"]
[BlackElo "1913"]
[PlyCount "85"]
[EventDate "2012.08.17"]

1. d4 d5 2. c4 e6 3. Nc3 c5 4. cxd5 exd5 5. Nf3 Nc6 6. g3 Nf6 7. Bg2 Be7 8. O-O
O-O 9. dxc5 Bxc5 10. Bg5 d4 11. Ne4 Be7 12. Bxf6 Bxf6 13. Ne1 Bf5 14. Qb3 Bxe4
15. Bxe4 Qe7 16. Bf3 Rac8 17. Nd3 Bg5 18. h4 Bh6 19. Rfd1 Kh8 20. a4 f5 21. h5
b6 22. Qb5 Qf6 23. b4 Nb8 24. a5 Rcd8 25. axb6 axb6 26. Ra7 Qe6 27. Rb7 Nd7 28.
Ra1 Qd6 29. Raa7 Rf7 30. Qd5 Qxd5 31. Bxd5 Re7 32. Bc6 Ne5 33. Rxe7 Nxc6 34.
Red7 Re8 35. Rac7 Nb8 36. Re7 Rd8 37. Ne5 Kg8 38. Nf7 Nc6 39. Nxd8 Nxe7 40.
Rxe7 Kf8 41. Rd7 Ke8 42. Rxd4 Bg5 43. Ne6 1-0

[Event "European Youth Chess Championship B16"]
[Site "Prague, Top Hotel Prague"]
[Date "2012.08.17"]
[Round "1.32"]
[White "Hanl, Frantisek"]
[Black "Iovcov, Valerii"]
[Result "0-1"]
[WhiteElo "1911"]
[BlackElo "2191"]
[PlyCount "66"]
[EventDate "2012.08.17"]

1. e4 c5 2. Nf3 d6 3. d4 cxd4 4. Nxd4 Nf6 5. Nc3 Nc6 6. Bg5 e6 7. Qd2 a6 8.
O-O-O Be7 9. f4 Nxd4 10. Qxd4 b5 11. Bxf6 gxf6 12. e5 d5 13. Kb1 fxe5 14. fxe5
Qc7 15. Bd3 b4 16. Ne2 h5 17. Rhf1 Rg8 18. Nf4 Bc5 19. Nxd5 exd5 20. Qxd5 Bb7
21. Qb3 O-O-O 22. Rxf7 Qxe5 23. a3 Kb8 24. Rf5 Qd6 25. axb4 Bxb4 26. Rxh5 Rxg2
27. Rh7 Qb6 28. Qf7 Bd5 29. Qf4+ Bd6 30. Qa4 Rg1 31. c4 Be5 32. b4 Rxd1+ 33.
Qxd1 Qxb4+ 0-1

[Event "European Youth Chess Championship B16"]
[Site "Prague, Top Hotel Prague"]
[Date "2012.08.17"]
[Round "1.33"]
[White "Radovanovic, Nikola"]
[Black "Mcdonald, Ian"]
[Result "1-0"]
[WhiteElo "2184"]
[BlackElo "1869"]
[PlyCount "65"]
[EventDate "2012.08.17"]

1. e4 e5 2. Nf3 Nc6 3. d4 exd4 4. Nxd4 Bc5 5. Nb3 Bb6 6. Nc3 Nge7 7. Be2 d6 8.
Bg5 Be6 9. Qd2 f6 10. Be3 Qd7 11. f4 O-O-O 12. O-O-O f5 13. Bxb6 axb6 14. Bb5
fxe4 15. Nxe4 Bxb3 16. axb3 Rhf8 17. Rhf1 Rf5 18. Be2 Ra5 19. Kb1 d5 20. Nf2
Kb8 21. Nd3 d4 22. b4 Rd5 23. b5 Na7 24. Ne5 Qe8 25. Bc4 Nxb5 26. Bxd5 Nxd5 27.
Rf3 Nbc3+ 28. bxc3 Qb5+ 29. Kc1 Qa5 30. Qxd4 Qa3+ 31. Kd2 c5 32. Qd3 Kc7 33.
Ke1 1-0

[Event "European Youth Chess Championship B16"]
[Site "Prague, Top Hotel Prague"]
[Date "2012.08.17"]
[Round "1.34"]
[White "Vaculik, Jakub"]
[Black "Tomici, Stefan"]
[Result "0-1"]
[WhiteElo "1850"]
[BlackElo "2177"]
[PlyCount "106"]
[EventDate "2012.08.17"]

1. d4 d5 2. Nf3 e6 3. c4 c5 4. cxd5 exd5 5. Nc3 Nc6 6. Bf4 Nf6 7. e3 c4 8. Be2
Bb4 9. O-O Bxc3 10. bxc3 Ne4 11. Rc1 g5 12. Bg3 Qa5 13. Qc2 Bf5 14. Qb2 O-O-O
15. Nd2 Nxg3 16. fxg3 Bg6 17. e4 Rhe8 18. Bg4+ Kb8 19. exd5 Qxd5 20. Bf3 Qd7
21. Bxc6 Qxc6 22. Nf3 f6 23. Rfe1 Bd3 24. Qd2 h5 25. Rxe8 Rxe8 26. Re1 Kc7 27.
Kf2 Re4 28. Rxe4 Qxe4 29. Qe3 Kc6 30. Qxe4+ Bxe4 31. h4 g4 32. Ng1 Bb1 33. a3
Kb5 34. Ne2 Ka4 35. Nf4 Kxa3 36. Nxh5 a5 37. d5 Kb3 38. Ng7 Be4 39. d6 Bc6 40.
h5 a4 41. h6 a3 42. h7 a2 43. h8=Q a1=Q 44. Qd8 Qb2+ 45. Ke1 Qxc3+ 46. Kd1 Qd3+
47. Ke1 Qe3+ 48. Kf1 Bb5 49. Qa5 Ba6 50. d7 c3+ 51. Qxa6 Qc1+ 52. Kf2 bxa6 53.
d8=Q Qd2+ 0-1

[Event "European Youth Chess Championship B16"]
[Site "Prague, Top Hotel Prague"]
[Date "2012.08.17"]
[Round "1.35"]
[White "Basso, Pier Luigi"]
[Black "Zakrzheuski, Vladislav"]
[Result "1/2-1/2"]
[WhiteElo "2167"]
[BlackElo "1849"]
[PlyCount "147"]
[EventDate "2012.08.17"]

1. e4 c6 2. d4 d5 3. Nc3 dxe4 4. Bc4 Nd7 5. f3 e3 6. Bxe3 e6 7. Nge2 Ngf6 8. a3
Nb6 9. Bb3 Nbd5 10. Bf2 Bd6 11. Qd2 Nxc3 12. bxc3 b6 13. Bc4 Qc7 14. Bg3 O-O
15. Bxd6 Qxd6 16. O-O e5 17. Rfd1 e4 18. fxe4 Nxe4 19. Qe3 Bf5 20. Rf1 Bg6 21.
Nf4 Rae8 22. Nxg6 Qxg6 23. Bd3 f5 24. Rae1 Nxc3 25. Qf3 Rxe1 26. Rxe1 Qd6 27.
Bc4+ Nd5 28. Re5 g6 29. h4 Kg7 30. Bxd5 cxd5 31. Rxd5 Qc7 32. c3 Qe7 33. Qf4
Rc8 34. h5 Rxc3 35. h6+ Kf7 36. Re5 Qc7 37. a4 Rc4 38. Qg3 Qc8 39. Qb3 Kf6 40.
Qb2 Qc7 41. Re1 Qf4 42. d5+ Qd4+ 43. Qxd4+ Rxd4 44. Re6+ Kf7 45. Rc6 Rxd5 46.
Rc7+ Kf6 47. Rxa7 Ra5 48. Rxh7 Kg5 49. Rb7 Kxh6 50. Rxb6 Rxa4 51. Rb2 Kg5 52.
Kf2 Kg4 53. Rc2 Rf4+ 54. Kg1 Ra4 55. Kf2 Kf4 56. Re2 g5 57. Rb2 Re4 58. g3+ Kg4
59. Kg2 Re3 60. Rb4+ f4 61. gxf4 gxf4 62. Rb2 Rh3 63. Rb8 Rg3+ 64. Kf2 Rf3+ 65.
Kg2 Re3 66. Rg8+ Kf5 67. Kf2 Re6 68. Kf3 Rf6 69. Ra8 Kg5 70. Rg8+ Kf5 71. Ra8
Ke5 72. Re8+ Kf5 73. Ra8 Ke5 74. Re8+ 1/2-1/2

[Event "European Youth Chess Championship B16"]
[Site "Prague, Top Hotel Prague"]
[Date "2012.08.17"]
[Round "1.36"]
[White "Adamciak, Tomas"]
[Black "Cukrowski, Filip"]
[Result "0-1"]
[WhiteElo "1839"]
[BlackElo "2154"]
[PlyCount "44"]
[EventDate "2012.08.17"]

1. e4 c5 2. Nf3 Nc6 3. d4 cxd4 4. Nxd4 Qb6 5. Nb3 Nf6 6. Nc3 e6 7. Be3 Qc7 8.
a3 a6 9. Be2 b5 10. Qd2 b4 11. axb4 Bxb4 12. Bf3 Ne5 13. Bf4 O-O 14. Nd4 d6 15.
Ra4 Rb8 16. Bxe5 dxe5 17. Nb3 Rd8 18. Qe3 Qc4 19. Nd2 Qc6 20. Ra1 Bc5 21. Qe2
Rxb2 22. O-O Bb4 0-1

[Event "European Youth Chess Championship B16"]
[Site "Prague, Top Hotel Prague"]
[Date "2012.08.17"]
[Round "1.37"]
[White "Shen, Yue"]
[Black "Oliver, Martin"]
[Result "0-1"]
[WhiteElo "2139"]
[BlackElo "1838"]
[PlyCount "80"]
[EventDate "2012.08.17"]

1. d4 Nf6 2. c4 g6 3. g3 Bg7 4. Bg2 O-O 5. Nc3 d6 6. Nf3 Nc6 7. O-O a6 8. Qd3
Bd7 9. d5 Nb4 10. Qd2 a5 11. Nd4 Ng4 12. h3 Ne5 13. b3 Ned3 14. exd3 Bxd4 15.
a3 Na6 16. Rb1 Nc5 17. Ne2 Bg7 18. b4 axb4 19. axb4 Na4 20. Qc2 c5 21. dxc6
Bxc6 22. Bxc6 bxc6 23. Be3 Nb6 24. Nd4 Qc7 25. b5 Bxd4 26. Bxd4 e5 27. Be3 cxb5
28. Rxb5 Rfb8 29. f4 Nd7 30. Rxb8+ Rxb8 31. f5 f6 32. fxg6 hxg6 33. Qg2 Kg7 34.
Qd5 Nc5 35. h4 Rb3 36. Qf3 Qe7 37. Bxc5 dxc5 38. Qd1 Rb2 39. Qc1 Qb7 40. Rf2
Rb1 0-1

[Event "European Youth Chess Championship B16"]
[Site "Prague, Top Hotel Prague"]
[Date "2012.08.17"]
[Round "1.38"]
[White "Bocek, Tadeas"]
[Black "Haman, Jakub"]
[Result "0-1"]
[WhiteElo "1830"]
[BlackElo "2137"]
[PlyCount "46"]
[EventDate "2012.08.17"]

1. e4 e6 2. d4 c5 3. c3 b6 4. Nf3 Be7 5. Bf4 Nf6 6. Nbd2 O-O 7. Bd3 Ba6 8. Qc2
Bxd3 9. Qxd3 d5 10. e5 Nfd7 11. O-O Nc6 12. Rfe1 Qc7 13. Rac1 Qb7 14. Ng5 Bxg5
15. Bxg5 Rfc8 16. Qg3 Kh8 17. Nf3 cxd4 18. Nxd4 Ndxe5 19. Rxe5 Nxe5 20. Qxe5 f6
21. Bxf6 gxf6 22. Qxf6+ Qg7 23. Qxe6 Qxd4 0-1